World Capitals Containing the Letter R - Statistics

General Stats
  • This quiz has been taken 3,705 times
  • The average score is 70 of 83
Answer Stats
Continent Capital % Correct
Europe Rome
97%
Europe Riga
96%
Europe Berlin
95%
South America Brasilia
95%
Africa Rabat
95%
Europe Reykjavik
94%
Asia Riyadh
94%
Europe Bern
93%
Europe Bucharest
93%
Oceania Canberra
93%
Europe Amsterdam
92%
Europe Brussels
92%
South America Buenos Aires
92%
Africa Cairo
92%
Europe Madrid
92%
North America Port-au-Prince
92%
Europe Andorra la Vella
91%
Europe Bratislava
91%
Europe Paris
91%
Oceania Port Moresby
91%
South America Caracas
90%
North America Port of Spain
90%
Europe Prague
90%
Africa Algiers
89%
Europe Zagreb
89%
Africa Brazzaville
88%
South America Georgetown
88%
Europe Podgorica
88%
Africa Pretoria
88%
North America Roseau
88%
Asia Jerusalem
87%
South America Paramaribo
87%
Africa Port Louis
87%
Europe Pristina
87%
Asia Ankara
86%
North America Bridgetown
86%
Africa Khartoum
86%
Oceania Port-Vila
86%
Europe Sarajevo
86%
Europe Warsaw
86%
Asia Yerevan
86%
Africa Antananarivo
85%
Europe Belgrade
85%
Africa Freetown
85%
Asia Jakarta
85%
Africa Porto-Novo
85%
Europe San Marino
85%
Africa Tripoli
85%
Europe Luxembourg
84%
Europe Tirana
84%
Africa Nairobi
83%
Asia Bandar Seri Begawan
82%
Asia Beirut
82%
North America Castries
82%
Africa Dakar
82%
Africa Harare
82%
Asia Singapore
82%
North America Basseterre
81%
Africa Gaborone
81%
Africa Praia
81%
North America Saint George's
81%
North America San Salvador
81%
Asia Sri Jayawardenepura Kotte
81%
Asia Tehran
81%
Asia Ulaanbaatar
81%
Africa Libreville
80%
Africa Victoria
80%
Africa Accra
79%
Oceania Majuro
79%
Africa Maseru
79%
Oceania Yaren
79%
Asia Kuala Lumpur
78%
Africa Monrovia
78%
Africa Asmara
77%
Oceania Honiara
77%
Africa Moroni
76%
Oceania Palikir
76%
South America Sucre
76%
Africa Conakry
75%
Oceania South Tarawa
75%
Africa Yamoussoukro
75%
Oceania Ngerulmud
70%
Asia Nur-Sultan
50%
No matching quizzes found
Score Distribution
Percent of People with Each Score
Percentile by Number Answered
Your Score History
You have not taken this quiz